=LDR 00000nam 2200000 4500 =001 INLIS000000000026995 =005 20130612125414 =008 ***********************************Ind** =035 ##$$0010-061300000026995 =041 ##$$a Ind =082 ##$$a 657.52 =090 ##$$a 657.52, Mul a =100 ##$$a Mulyadi =245 ##$$a Activity-dased ost system = sistem informasi biaya untuk pengurangan biaya, Mulyadi =260 ##$$a 2003 $b Yogyakarta =300 ##$$a xxv, 483 hlm, ilus, 24 cm =650 ##$$a Akuntansi Biaya =850 ##$$a NBPNMAT =990 ##$$a 0001/BPAP-NTB/2015